Online
Catalog

El arte narrativo de Hilda Perera : (Record no. 7879)

MARC details
000 -CABECERA
campo de control de longitud fija 00964cam a2200265 a 4500
001 - NÚMERO DE CONTROL
campo de control 000008102
005 - FECHA Y HORA DE LA ÚLTIMA TRANSACCIÓN
campo de control 20200929154432.0
008 - DATOS DE LONGITUD FIJA--INFORMACIÓN GENERAL
campo de control de longitud fija 960228s1996 flu b 000 j spa
020 ## - NÚMERO INTERNACIONAL ESTÁNDAR DEL LIBRO
Número Internacional Estándar del Libro 0897297903
040 ## - FUENTE DE LA CATALOGACIÓN
Centro catalogador/agencia de origen DO-SdBNP
Centro/agencia transcriptor DLC
Centro/agencia modificador DLC
082 ## - NÚMERO DE LA CLASIFICACIÓN DECIMAL DEWEY
Número de clasificación Cu863.44
Número de documento/Ítem A786n
245 03 - MENCIÓN DE TÍTULO
Título El arte narrativo de Hilda Perera :
Resto del título de Cuentos de Apolo a La noche de Ina /
Mención de responsabilidad, etc. Luis A. Jiménez y Ellen Lismore Leeder, editores, prólogo de Alicia Aldaya.
260 ## - PUBLICACIÓN, DISTRIBUCIÓN, ETC.
Lugar de publicación, distribución, etc. Miami, Florida :
Nombre del editor, distribuidor, etc. Universal,
Fecha de publicación, distribución, etc. 1996.
300 ## - DESCRIPCIÓN FÍSICA
Extensión 180 p. ;
Dimensiones 22 cm.
490 1# - MENCIÓN DE SERIE
Mención de serie Caniquí
504 ## - NOTA DE BIBLIOGRAFÍA, ETC.
Nota de bibliografía, etc. Incluye referencias bibliográficas
600 14 - PUNTO DE ACCESO ADICIONAL DE MATERIA--NOMBRE DE PERSONA
Nombre de persona PERERA, HILDA,
Fechas asociadas al nombre 1926-
Subdivisión general CRÍTICA E INTERPRETACIÓN
9 (RLIN) 22004
650 #4 - PUNTO DE ACCESO ADICIONAL DE MATERIA--TÉRMINO DE MATERIA
Término de materia o nombre geográfico como elemento de entrada Cuentos cubanos
9 (RLIN) 1482
650 #4 - PUNTO DE ACCESO ADICIONAL DE MATERIA--TÉRMINO DE MATERIA
Término de materia o nombre geográfico como elemento de entrada Literatura cubana
9 (RLIN) 1483
700 1# - PUNTO DE ACCESO ADICIONAL--NOMBRE DE PERSONA
Nombre de persona Jiménez, Luis A.,
Término indicativo de función/relación ed.
9 (RLIN) 8901
700 1# - PUNTO DE ACCESO ADICIONAL--NOMBRE DE PERSONA
Nombre de persona Leeder, Ellen Lismore,
Fechas asociadas al nombre 1931-
Término indicativo de función/relación ed.
9 (RLIN) 22005
700 1# - PUNTO DE ACCESO ADICIONAL--NOMBRE DE PERSONA
Nombre de persona Aldaya, Alicia,
Término indicativo de función/relación prol.
9 (RLIN) 22006
830 #0 - PUNTO DE ACCESO ADICIONAL DE SERIE-TÍTULO UNIFORME
Título uniforme Caniquí.
9 (RLIN) 22007
910 ## - DATOS DE OPCIÓN DEL USUARIO (OCLC)
Datos de opción del usuario Catalogación por copia / LC
Holdings
Estado de retiro Estado de pérdida Restricciones de uso No para préstamo Código de colección Localización permanente Ubicación/localización actual Ubicación en estantería Fecha de adquisición Número de inventario Total de préstamos Signatura topográfica completa Código de barras Fecha visto por última vez Precio válido a partir de Tipo de ítem Koha
    Préstamo interno   Monografías: Libros y Folletos General General En catalogación 14.09.2009 LF1   Cu863.44 A786n 8102-10 25.06.2020 25.06.2020 Préstamo interno

Powered by Koha